দীনবন্ধু গ্রন্থাবলী / (Record no. 79849)
[ view plain ]
| 000 -LEADER | |
|---|---|
| fixed length control field | 01164nam a2200241 a 4500 |
| 001 - CONTROL NUMBER | |
| control field | 79849 |
| 003 - CONTROL NUMBER IDENTIFIER | |
| rucl marc code | BD-RjUL |
| 005 - DATE AND TIME OF LATEST TRANSACTION | |
| control field | 20220526131117.0 |
| 008 - FIXED-LENGTH DATA ELEMENTS--GENERAL INFORMATION | |
| fixed length control field | 220525r19591943ii ||||| |||| 00| 0 ben d |
| 035 ## - SYSTEM CONTROL NUMBER | |
| System control number | (BD-RjUL)79849 |
| 040 ## - CATALOGING SOURCE | |
| Original cataloging agency | BD-RjUL |
| Language of cataloging | eng |
| Transcribing agency | BD-RjUL |
| 041 ## - LANGUAGE CODE | |
| Language code of text/sound track or separate title | ben |
| 082 ## - DEWEY DECIMAL CLASSIFICATION NUMBER | |
| Edition number | 23 |
| Classification number | 891.4408 |
| Author mark and year | MID 1959 |
| 100 ## - MAIN ENTRY--PERSONAL NAME | |
| Personal name | মিত্র, দীনবন্ধু |
| 9 (RLIN) | 3205 |
| 245 ## - TITLE STATEMENT | |
| Title | দীনবন্ধু গ্রন্থাবলী / |
| Statement of responsibility, etc. | দীনবন্ধু মিত্র |
| 250 ## - EDITION STATEMENT | |
| Edition statement | ১ম সং. |
| 260 ## - PUBLICATION, DISTRIBUTION, ETC. (IMPRINT) | |
| Place of publication, distribution, etc. | কলিকাতা : |
| Name of publisher, distributor, etc. | বঙ্গীয়-সাহিত্য-পরিষৎ, |
| Date of publication, distribution, etc. | ১৯৪৩ [ মুদ্রণ ১৯৫৯] |
| 300 ## - PHYSICAL DESCRIPTION | |
| Pagination | খণ্ড; |
| Size | ২২ সেমি. |
| 505 01 - FORMATTED CONTENTS NOTE | |
| Formatted contents note | খণ্ড. ১ নীল-দর্পন--খণ্ড. ২ নবীন তপস্বিনী --খণ্ড. ৩ বিয়েপাগলা বুড়ো-- খণ্ড. ৪ সধবার একাদশী --খণ্ড. ৫ লীলাবতী -- |
| 650 ## - SUBJECT ADDED ENTRY--TOPICAL TERM | |
| Topical term or geographic name as entry element | বাংলা সাহিত্য |
| General subdivision | সংগ্রহ |
| 9 (RLIN) | 3206 |
| Topical term or geographic name as entry element | Bengali Literature |
| General subdivision | Collection |
| 9 (RLIN) | 3207 |
| 942 ## - ADDED ENTRY ELEMENTS (KOHA) | |
| Source of classification or shelving scheme | Dewey Decimal Classification |
| Koha item type | Books |
| Lost status | Source of classification or shelving scheme | Damaged status | Not for loan | Collection code | Permanent Location | Current Location | Shelving location | Date acquired | Source of acquisition | Total Checkouts | Full call number | Date last seen | Copy number | Koha item type | Date checked out |
|---|---|---|---|---|---|---|---|---|---|---|---|---|---|---|---|
| Dewey Decimal Classification | Not For Loan | Fiction | Central Library, University of Rajshahi | Central Library, University of Rajshahi | Reading Room | 18/08/1973 | Indian Govt. | B 891.4408 MID V.1-5 1959 | 26/05/2022 | C-1 | Books | ||||
| Dewey Decimal Classification | Non-fiction | Central Library, University of Rajshahi | Central Library, University of Rajshahi | General Stacks | 03/11/1991 | R U C L | 1 | B 891.4408 MID V-1 1959 | 08/02/2024 | C-2 | Books | 08/02/2024 |